ბათუმის შოთა რუსთაველის სახელმწიფო უნივერსიტეტის ბიბლიოთეკა

Specific learning difficulties : (ბიბ.ჩანაწერი № 58098)

000 -LEADER
fixed length control field 01071cam a22002538i 4500
001 - CONTROL NUMBER
control field 18708879
005 - DATE AND TIME OF LATEST TRANSACTION
control field 20210615114442.0
008 - FIXED-LENGTH DATA ELEMENTS--GENERAL INFORMATION
fixed length control field 150721s2016 enk b 001 0 eng
020 ## - INTERNATIONAL STANDARD BOOK NUMBER
International Standard Book Number 9781849055901
041 ## - LANGUAGE CODE
Language code of text/sound track or separate title eng
080 ## - UNIVERSAL DECIMAL CLASSIFICATION NUMBER
Universal Decimal Classification number 376-056.2 H-88
100 1# - MAIN ENTRY--PERSONAL NAME
Personal name Hudson, Diana
9 (RLIN) 12046
245 10 - TITLE STATEMENT
Title Specific learning difficulties :
Remainder of title what teachers need to know /
Statement of responsibility, etc. Diana Hudson ; illustrated by Jon English.
264 #1 - PRODUCTION, PUBLICATION, DISTRIBUTION, MANUFACTURE, AND COPYRIGHT NOTICE
Place of production, publication, distribution, manufacture London ;
-- Philadelphia :
Name of producer, publisher, distributor, manufacturer Jessica Kingsley Publishers,
Date of production, publication, distribution, manufacture, or copyright notice 2016.
300 ## - PHYSICAL DESCRIPTION
Extent 244 pages ;
Dimensions 22 cm.
653 ## - INDEX TERM--UNCONTROLLED
keyword სწავლის კონკრეტული სირთულეები
653 ## - INDEX TERM--UNCONTROLLED
keyword Особые трудности в обучении
653 ## - INDEX TERM--UNCONTROLLED
keyword სწავლის უნარის შეზღუდვა
653 ## - INDEX TERM--UNCONTROLLED
keyword Нарушения обучаемости
653 ## - INDEX TERM--UNCONTROLLED
keyword что нужно знать учителям
653 ## - INDEX TERM--UNCONTROLLED
keyword რა უნდა იცოდნენ მასწავლებლებმა
700 ## - ADDED ENTRY--PERSONAL NAME
Personal name English, Jon
Relator term მხატვარი
9 (RLIN) 12047
942 ## - ADDED ENTRY ELEMENTS (KOHA)
Source of classification or shelving scheme
Koha item type წიგნი
ეგზემპლარები
Withdrawn status Lost status Source of classification or shelving scheme Damaged status Not for loan Permanent Location Current Location Shelving location Date acquired Cost, normal purchase price Full call number Barcode Date last seen Copy number Price effective from Koha item type Public note
          ბათუმის შოთა რუსთაველის სახელმწიფო უნივერსიტეტის მთავარი ბიბლიოთეკა ბათუმის შოთა რუსთაველის სახელმწიფო უნივერსიტეტის მთავარი ბიბლიოთეკა წიგნსაცავი 2021-06-15 90.00 376-056.2 H-88 61386 2021-06-15 61386 2021-06-15 წიგნი 90 ლ.